Элементарная теория чисел (Запись № 30706)

Подробности
000 -МАРКЕР
контрольное поле 00726nam a22002051i 4500
001 - КОНТРОЛЬНЫЙ НОМЕР ЗАПИСИ
контрольное поле 000030706
003 - ПРИНАДЛЕЖНОСТЬ КОНТРОЛЬНОГО НОМЕРА
контрольное поле RuMoIPM
005 - ДАТА И ВРЕМЯ ПОСЛЕДНЕЙ ТРАНЗАКЦИИ
контрольное поле 20260602105033.0
008 - ЭЛЕМЕНТЫ ДАННЫХ ФИКСИРОВАННОЙ ДЛИНЫ
контрольное поле 110915s1937----ur | c rus
040 ## - ОРГАНИЗАЦИЯ-СОЗДАТЕЛЬ ЗАПИСИ
организация-создатель исходной библиографической записи RuMoIPM
язык каталогизации rus
правила каталогизации rcr
041 0# - КОД ЯЗЫКА
код языка текста Русский
080 ## - ИНДЕКС УНИВЕРСАЛЬНОЙ ДЕСЯТИЧНОЙ КЛАССИФИКАЦИИ
индекс Универсальной десятичной классификации 511.2
100 1# - ИМЯ ЛИЦА КАК ОСНОВНОЙ ПОИСКОВЫЙ ПРИЗНАК
имя лица Венков, Борис Алексеевич
245 1# - ОБЛАСТЬ ЗАГЛАВИЯ И СВЕДЕНИЙ ОБ ОТВЕТСТВЕННОСТИ
заглавие Элементарная теория чисел
сведения об ответственности и т. д Б. А. Венков
260 ## - ОБЛАСТЬ ВЫХОДНЫХ ДАННЫХ
место публикации, распространения, изготовления и т. д Москва
-- Ленинград
издательство, издатель, распространитель и т. д ОНТИ НКТП СССР
дата издания, распространения и т. д 1937
300 ## - ОБЛАСТЬ КОЛИЧЕСТВЕННОЙ ХАРАКТЕРИСТИКИ
объём Переплет, 219 с., 1 с. объявл.
490 0# - ОБЛАСТЬ СЕРИИ
область серии Математика в монографиях
обозначение и номер тома/порядковое обозначение Кн. 4
504 ## - ПРИМЕЧАНИЕ О НАЛИЧИИ БИБЛИОГРАФИЧЕСКИХ ПЕРЕЧНЕЙ И ССЫЛОК
текст примечания Библиогр.: "Библиогр. указатель" (с. 215-18)
942 ## - ДАННЫЕ О ЗАПИСИ (KOHA)
Тип экземпляра (KOHA) Книга
Экземпляры
Статус выдачи Библиотека держатель Текущая библиотека Местонахождение Шифр хранения Тип экземпляра
  Институт прикладной математики им. М.В. Келдыша Институт прикладной математики им. М.В. Келдыша Миусская 511.2 / В 29 Книга